[Event "27th Klatovy A 2019"]
[Site "Klatovy CZE"]
[Date "2019.07.04"]
[Round "6.33"]
[White "Paldus, Jan"]
[Black "Hosnedl, Matyas"]
[Result "1/2-1/2"]
[WhiteElo "1767"]
[BlackElo "1903"]
[PlyCount "128"]
[EventDate "2019.06.29"]
[EventType "swiss"]
[EventRounds "9"]
[EventCountry "CZE"]

1. e4 e6 2. d4 d5 3. Nc3 Nf6 4. exd5 exd5 5. Bg5 Be7 6. Nf3 Bf5 7. Be2 O-O 8. O-O Nbd7 9. Ne5 h6 10. Bh4 c6 11. Bd3 Ne4 12. Bxe7 Qxe7 13. Nxd7 Qxd7 14. Nxe4 dxe4 15. Bc4 Bg4 16. Qd2 Rad8 17. c3 c5 18. Qf4 cxd4 19. Qxe4 d3 20. Bxd3 Qxd3 21. Qxg4 Qc2 22. Qb4 Rd2 23. Qxb7 Rfd8 24. Qb3 Qxb2 25. h3 Rc2 26. Qxb2 Rxb2 27. Rfb1 Rc2 28. Rd1 Rxd1+ 29. Rxd1 Rxc3 30. Rd8+ Kh7 31. Rd7 Ra3 32. Rd2 Kg6 33. g3 Kf5 34. Kg2 Ke5 35. f3 Ra5 36. Kf2 Rd5 37. f4+ Kd6 38. Rb2 Kc6 39. Ke3 Ra5 40. Kf3 Ra3+ 41. Kg4 Re3 42. Rg2 Re7 43. Kf5 Kd5 44. g4 Re6 45. Rd2+ Kc4 46. g5 h5 47. g6 Rxg6 48. Rd7 Rf6+ 49. Kg5 a5 50. Rd8 Kb4 51. Rg8 Rg6+ 52. Kxh5 Rg2 53. Rb8+ Ka3 54. Ra8 a4 55. Ra7 f6 56. h4 g6+ 57. Kh6 Rg4 58. f5 gxf5 59. h5 Kxa2 60. Rf7 a3 61. Rxf6 Kb3 62. Rxf5 Rg1 63. Rf3+ Kb4 64. Rxa3 Kxa3 1/2-1/2

[Event "27th Klatovy A 2019"]
[Site "Klatovy CZE"]
[Date "2019.07.04"]
[Round "6.34"]
[White "Lhotska, Anna"]
[Black "Hlavac, Rudolf"]
[Result "1-0"]
[WhiteElo "1884"]
[BlackElo "1990"]
[PlyCount "53"]
[EventDate "2019.06.29"]
[EventType "swiss"]
[EventRounds "9"]
[EventCountry "CZE"]

1. e4 c5 2. Nf3 Nc6 3. d4 cxd4 4. Nxd4 e5 5. Nb5 a6 6. Nd6+ Bxd6 7. Qxd6 Qf6 8. Qd1 Qg6 9. Nc3 Nge7 10. Be3 O-O 11. Qd2 d5 12. exd5 Nb4 13. O-O-O Bf5 14. Bc5 Nbxd5 15. Nxd5 Nxd5 16. Bxf8 Rc8 17. c3 Nxc3 18. bxc3 Rxf8 19. Bd3 e4 20. Bc2 h6 21. Qe3 Rc8 22. Rd4 Qe6 23. Bb3 Qe7 24. Kb2 b5 25. Rhd1 a5 26. a3 Rb8 27. Qf4 1-0

[Event "27th Klatovy A 2019"]
[Site "Klatovy CZE"]
[Date "2019.07.04"]
[Round "6.35"]
[White "Krauskopfova, Lenka 1996"]
[Black "Kovar, Petr"]
[Result "1/2-1/2"]
[WhiteElo "1941"]
[BlackElo "1909"]
[PlyCount "61"]
[EventDate "2019.06.29"]
[EventType "swiss"]
[EventRounds "9"]
[EventCountry "CZE"]

1. c4 c5 2. Nc3 Nf6 3. Nf3 d5 4. cxd5 Nxd5 5. g3 g6 6. Bg2 Bg7 7. O-O O-O 8. Qb3 Nb6 9. d3 Be6 10. Qc2 Nc6 11. Be3 Nd4 12. Qd2 Rb8 13. Bf4 Rc8 14. Ng5 Bd5 15. Nge4 Bc6 16. Bh6 Ne6 17. Bxg7 Kxg7 18. b3 Nd5 19. Rac1 b6 20. Ng5 Nxg5 21. Qxg5 Nxc3 22. Rxc3 Bxg2 23. Kxg2 e6 24. Qxd8 Rfxd8 25. Rfc1 a5 26. Rc4 Ra8 27. a3 Rd7 28. Kf3 Kf6 29. h4 h5 30. Ke4 Rd5 31. Ke3 1/2-1/2

[Event "27th Klatovy A 2019"]
[Site "Klatovy CZE"]
[Date "2019.07.04"]
[Round "6.36"]
[White "Kunc, Jan"]
[Black "Sterba, Karel"]
[Result "1/2-1/2"]
[WhiteElo "1919"]
[BlackElo "1864"]
[PlyCount "61"]
[EventDate "2019.06.29"]
[EventType "swiss"]
[EventRounds "9"]
[EventCountry "CZE"]

1. d4 Nf6 2. Bf4 c5 3. d5 d6 4. Nc3 Bf5 5. f3 h6 6. e4 Bh7 7. Qd2 Nbd7 8. Nh3 a6 9. a4 Qc7 10. Bc4 Qc8 11. Nf2 g5 12. Be3 Ne5 13. Be2 g4 14. f4 g3 15. hxg3 Neg4 16. Nxg4 Nxg4 17. Bxg4 Qxg4 18. Qf2 Rg8 19. Rh3 O-O-O 20. Qf3 e6 21. O-O-O Re8 22. Bf2 Rg6 23. Rh4 Qxf3 24. gxf3 f5 25. Rh5 Bg7 26. Re1 Bd4 27. exf5 Bxf2 28. fxg6 Bxg6 29. Rxh6 Bxg3 30. Rxg6 Bxe1 31. Rxe6 1/2-1/2

[Event "27th Klatovy A 2019"]
[Site "Klatovy CZE"]
[Date "2019.07.04"]
[Round "6.37"]
[White "Danko, Jiri"]
[Black "Elias, Jakub"]
[Result "1/2-1/2"]
[WhiteElo "1881"]
[BlackElo "1921"]
[PlyCount "93"]
[EventDate "2019.06.29"]
[EventType "swiss"]
[EventRounds "9"]
[EventCountry "CZE"]

1. e4 c5 2. Nf3 d6 3. d4 cxd4 4. Nxd4 Nf6 5. Nc3 a6 6. Be2 e6 7. Be3 Be7 8. Qd2 Qc7 9. f4 Nc6 10. Nb3 b5 11. Bf3 Bb7 12. a3 O-O 13. O-O Rfd8 14. Qf2 Nd7 15. g4 Na5 16. Nxa5 Qxa5 17. Rad1 Rac8 18. Rd2 b4 19. axb4 Qxb4 20. Nd1 Qa5 21. c3 Qc7 22. Qg2 a5 23. g5 Nb6 24. b3 a4 25. Qf2 Nd7 26. bxa4 Qa5 27. Ra2 Ba6 28. Re1 Bc4 29. Ra1 Nc5 30. Nb2 Ba6 31. Qc2 Rd7 32. h4 Rdc7 33. Kg2 Nd7 34. Bd2 Nc5 35. Kg3 Rb7 36. Re3 Nb3 37. Ra2 Nxd2 38. Qxd2 Rbc7 39. Nd1 Bc4 40. Ra1 Bb3 41. Ra3 Bxd1 42. Qxd1 d5 43. Ra2 dxe4 44. Rxe4 Rxc3 45. Rf2 Rc1 46. Qd7 Bf8 47. h5 1/2-1/2

[Event "27th Klatovy A 2019"]
[Site "Klatovy CZE"]
[Date "2019.07.04"]
[Round "6.38"]
[White "Novotny, Jaroslav2"]
[Black "Kantor, Jozef"]
[Result "1-0"]
[WhiteElo "1979"]
[BlackElo "1808"]
[PlyCount "119"]
[EventDate "2019.06.29"]
[EventType "swiss"]
[EventRounds "9"]
[EventCountry "CZE"]

1. e4 c5 2. Nf3 Nc6 3. d4 cxd4 4. Nxd4 e6 5. Nc3 a6 6. Be2 Be7 7. O-O Nf6 8. Be3 d6 9. Qd2 Nxd4 10. Bxd4 e5 11. Be3 b5 12. f3 O-O 13. Rfd1 Qc7 14. Rac1 Bb7 15. Nd5 Nxd5 16. exd5 Qd7 17. c4 f5 18. c5 dxc5 19. d6 Bf6 20. Rxc5 Rac8 21. b4 f4 22. Bf2 Rc6 23. Rxc6 Bxc6 24. Qc2 Re8 25. Bd3 g6 26. Be4 Bxe4 27. Qxe4 Kg7 28. Bc5 Rd8 29. h3 Kf7 30. Qd5+ Kg7 31. Kh2 Re8 32. Qe4 h5 33. a3 g5 34. Rd3 Rh8 35. Kg1 Kh6 36. Qd5 Rh7 37. Bb6 Rg7 38. Rc3 Qf5 39. Qd3 Qe6 40. Rc7 Rg6 41. Bc5 g4 42. hxg4 hxg4 43. Kf1 gxf3 44. Qxf3 Qc4+ 45. Kg1 Rg3 46. Qb7 Qg8 47. Bf2 Rg4 48. Kf1 Qg6 49. Qc8 Kh5 50. d7 Qd3+ 51. Ke1 Qe4+ 52. Kd1 Qd3+ 53. Ke1 f3 54. gxf3 Qb1+ 55. Ke2 Qb2+ 56. Rc2 Qb3 57. fxg4+ Kg6 58. Rd2 e4 59. Qe8+ Kg7 60. Qxe4 1-0

[Event "27th Klatovy A 2019"]
[Site "Klatovy CZE"]
[Date "2019.07.04"]
[Round "6.39"]
[White "Lhotsky, Zdenek"]
[Black "Stankova, Zuzana 1986"]
[Result "1-0"]
[WhiteElo "1914"]
[BlackElo "1677"]
[PlyCount "171"]
[EventDate "2019.06.29"]
[EventType "swiss"]
[EventRounds "9"]
[EventCountry "CZE"]

1. e4 c5 2. Nf3 e6 3. d4 cxd4 4. Nxd4 Nc6 5. c4 Nf6 6. Nc3 a6 7. a3 Be7 8. Be2 O-O 9. O-O d5 10. Nxc6 bxc6 11. exd5 cxd5 12. cxd5 exd5 13. Bf3 Be6 14. Be3 Qd6 15. Qd4 Rfd8 16. Rfd1 Rac8 17. Be2 Rc6 18. b4 Rdc8 19. Na4 Qb8 20. Nb6 Rd8 21. Rac1 Rxc1 22. Rxc1 Bd6 23. h3 Be5 24. Qc5 Ne4 25. Qc6 Rd6 26. Qc2 d4 27. Qxe4 dxe3 28. Qxe5 exf2+ 29. Kxf2 Qxb6+ 30. Qc5 Qxc5+ 31. Rxc5 Kf8 32. Rc7 Rd2 33. Ke3 Ra2 34. Rc3 Ke7 35. Bxa6 Rxg2 36. Kd4 Kd6 37. b5 Rd2+ 38. Ke3 Rh2 39. Kd4 Rd2+ 40. Ke4 Re2+ 41. Kf3 Rh2 42. Ke4 Rxh3 43. Rc6+ Ke7 44. b6 Rxa3 45. b7 Rb3 46. Rc5 Rb4+ 47. Ke3 Rxb7 48. Bxb7 Kd6 49. Ra5 g6 50. Kf4 f6 51. Ra6+ Ke7 52. Ra7 Kd6 53. Be4 g5+ 54. Kg3 h5 55. Ra5 h4+ 56. Kg2 Ke7 57. Bf5 Bc4 58. Kf3 Bf1 59. Ra7+ Kd6 60. Ke4 Bg2+ 61. Kd4 Bf3 62. Rf7 g4 63. Rxf6+ Ke7 64. Rg6 g3 65. Be4 Kf7 66. Rg5 Be2 67. Ke3 Bd1 68. Bf3 Kf6 69. Rg4 Bb3 70. Rxh4 Ke5 71. Rg4 Bc2 72. Rxg3 Kf5 73. Be2 Ke5 74. Rg5+ Kf6 75. Kf4 Bb1 76. Rb5 Bc2 77. Rb6+ Ke7 78. Ke5 Kf7 79. Bh5+ Kg7 80. Kf4 Bd3 81. Kg5 Be4 82. Ra6 Bd5 83. Ra7+ Kf8 84. Kf6 Be4 85. Re7 Bc6 86. Rc7 1-0

[Event "27th Klatovy A 2019"]
[Site "Klatovy CZE"]
[Date "2019.07.04"]
[Round "6.40"]
[White "Skopec, Lubos"]
[Black "Cecil, Pavel"]
[Result "1/2-1/2"]
[WhiteElo "1907"]
[BlackElo "1890"]
[PlyCount "40"]
[EventDate "2019.06.29"]
[EventType "swiss"]
[EventRounds "9"]
[EventCountry "CZE"]

1. e4 e6 2. d4 d5 3. Nc3 Nf6 4. e5 Nfd7 5. f4 c5 6. Nf3 a6 7. Be3 Nc6 8. Qd2 b5 9. a3 Qa5 10. Rc1 c4 11. Be2 b4 12. axb4 Bxb4 13. O-O Qb6 14. Qe1 O-O 15. Qg3 Ne7 16. Bd2 Nf5 17. Qf2 Rb8 18. g4 Nh6 19. Qg3 f6 20. Kh1 Kh8 1/2-1/2

[Event "27th Klatovy A 2019"]
[Site "Klatovy CZE"]
[Date "2019.07.05"]
[Round "7.1"]
[White "Neuman, Petr"]
[Black "Havelka, Josef"]
[Result "0-1"]
[WhiteElo "2395"]
[BlackElo "2342"]
[PlyCount "52"]
[EventDate "2019.06.29"]
[EventType "swiss"]
[EventRounds "9"]
[EventCountry "CZE"]

1. d4 d5 2. c4 c6 3. Nf3 Nf6 4. e3 Bf5 5. Nc3 e6 6. Nh4 Be4 7. f3 Bg6 8. Qb3 Qc7 9. cxd5 exd5 10. e4 dxe4 11. Nxg6 hxg6 12. fxe4 Nbd7 13. Be3 Ng4 14. Bg1 Qf4 15. Qxb7 Rb8 16. Qxc6 Bb4 17. Be2 O-O 18. g3 Qg5 19. Qxd7 Nf6 20. Qa4 Nxe4 21. Qc2 Rfe8 22. Qd3 Bxc3+ 23. bxc3 Rb2 24. Be3 Nc5 25. dxc5 Rxe3 26. Qc4 Qe7 0-1

[Event "27th Klatovy A 2019"]
[Site "Klatovy CZE"]
[Date "2019.07.05"]
[Round "7.2"]
[White "Hollan, Petr"]
[Black "Hausner, Ivan"]
[Result "1/2-1/2"]
[WhiteElo "2261"]
[BlackElo "2370"]
[PlyCount "24"]
[EventDate "2019.06.29"]
[EventType "swiss"]
[EventRounds "9"]
[EventCountry "CZE"]

1. e4 e6 2. d4 d5 3. Nc3 Be7 4. e5 b6 5. Nf3 Ba6 6. Bxa6 Nxa6 7. O-O c6 8. Ne2 Nc7 9. b3 Qd7 10. c4 Bd8 11. Qc2 Ne7 12. Ba3 Ng6 1/2-1/2

[Event "27th Klatovy A 2019"]
[Site "Klatovy CZE"]
[Date "2019.07.05"]
[Round "7.3"]
[White "Rubes, Jan"]
[Black "Mejzlik, Ondrej"]
[Result "1-0"]
[WhiteElo "2352"]
[BlackElo "2302"]
[PlyCount "119"]
[EventDate "2019.06.29"]
[EventType "swiss"]
[EventRounds "9"]
[EventCountry "CZE"]

1. d4 d5 2. Nf3 e6 3. c4 c6 4. Nbd2 f5 5. e3 Nf6 6. b3 Nbd7 7. Bb2 Ne4 8. Bd3 Bd6 9. O-O O-O 10. Ne5 Nxe5 11. dxe5 Be7 12. Rc1 Qa5 13. Nxe4 dxe4 14. Bb1 Rd8 15. Bc3 Qc7 16. Qe2 b6 17. f3 exf3 18. Rxf3 Rf8 19. e4 f4 20. Rcf1 Bd7 21. Kh1 Bg5 22. Rd3 Rf7 23. Qg4 Bh6 24. Rh3 Kh8 25. c5 Raf8 26. Bd3 Qd8 27. Bc4 Qg5 28. Qxg5 Bxg5 29. Bd4 b5 30. Be2 Kg8 31. Bf2 Bd8 32. Rd1 Bc7 33. Rhd3 Bc8 34. Bd4 Rd8 35. Bc3 Rxd3 36. Rxd3 b4 37. Bxb4 Ba6 38. Rd2 Bxe2 39. Rxe2 Rd7 40. Kg1 Bxe5 41. Kf2 Kf7 42. Rd2 Rxd2+ 43. Bxd2 g5 44. Kf3 Kf6 45. Ba5 h5 46. h3 Ke7 47. Be1 Kd7 48. Bd2 Bf6 49. h4 g4+ 50. Kxf4 Bxh4 51. Bc3 Ke7 52. Be5 a6 53. g3 Bf6 54. Bxf6+ Kxf6 55. e5+ Kg6 56. b4 h4 57. gxh4 g3 58. Kxg3 Kf5 59. Kf3 Kxe5 60. h5 1-0

[Event "27th Klatovy A 2019"]
[Site "Klatovy CZE"]
[Date "2019.07.05"]
[Round "7.4"]
[White "Zeman, Matyas"]
[Black "Vanduyfhuys, Daria"]
[Result "1-0"]
[WhiteElo "2275"]
[BlackElo "2078"]
[PlyCount "133"]
[EventDate "2019.06.29"]
[EventType "swiss"]
[EventRounds "9"]
[EventCountry "CZE"]

1. e4 c5 2. Nc3 Nc6 3. Bb5 g6 4. Bxc6 dxc6 5. d3 Bg7 6. h3 Nf6 7. Be3 Nd7 8. Qd2 e5 9. Bh6 O-O 10. Nf3 Re8 11. Bxg7 Kxg7 12. O-O Qc7 13. Nh2 Nf8 14. f4 exf4 15. Rxf4 Ne6 16. Rf2 Nd4 17. Raf1 Be6 18. Nd1 Rad8 19. Ne3 h5 20. c3 Nb5 21. Nf5+ Bxf5 22. exf5 Nd6 23. Qg5 Kh7 24. fxg6+ fxg6 25. Rf6 Qg7 26. Qxc5 Qe7 27. R1f3 Qe5 28. Qxe5 Rxe5 29. Nf1 Kg7 30. R6f4 Rde8 31. Rd4 R5e6 32. Re3 Kf7 33. Rf4+ Ke7 34. Kf2 Kd7 35. Rxe6 Kxe6 36. Ne3 Ke5 37. Ra4 a6 38. Nc4+ Nxc4 39. Rxc4 Rf8+ 40. Ke2 Kd5 41. Rd4+ Ke6 42. Re4+ Kd6 43. d4 Kd7 44. Re3 Rf6 45. Rf3 Re6+ 46. Kf2 b5 47. Re3 Rf6+ 48. Kg3 a5 49. Re2 Kd6 50. Kh4 Rf5 51. g4 hxg4 52. hxg4 Rf1 53. Kg5 Rg1 54. b3 a4 55. bxa4 bxa4 56. Rb2 Kd5 57. Rb4 Ke4 58. Rxa4 Kf3 59. d5 cxd5 60. Kxg6 Rc1 61. g5 Rxc3 62. Rd4 Rc5 63. Kf5 Ke3 64. Ke5 Ra5 65. Rxd5 Rxa2 66. Kf6 Ke4 67. Rb5 1-0

[Event "27th Klatovy A 2019"]
[Site "Klatovy CZE"]
[Date "2019.07.05"]
[Round "7.5"]
[White "Dolezal, Radoslav Jr"]
[Black "Slovak, Kilian"]
[Result "1-0"]
[WhiteElo "2374"]
[BlackElo "2242"]
[PlyCount "65"]
[EventDate "2019.06.29"]
[EventType "swiss"]
[EventRounds "9"]
[EventCountry "CZE"]

1. e4 c5 2. Nf3 d6 3. c3 Nf6 4. Bd3 Bg4 5. h3 Bh5 6. g4 Bg6 7. Bb5+ Nc6 8. d3 a6 9. Bxc6+ bxc6 10. Nbd2 Nd7 11. Nh4 e6 12. Nxg6 hxg6 13. Qa4 Qc7 14. f4 a5 15. c4 Nb6 16. Qc2 a4 17. Nf3 Be7 18. Be3 f5 19. Kf2 O-O-O 20. Rac1 fxe4 21. dxe4 Rdf8 22. Kg2 d5 23. cxd5 cxd5 24. Ne5 Rh6 25. Bxc5 Bxc5 26. Qxc5 Qxc5 27. Rxc5+ Kb7 28. g5 Rh5 29. Nxg6 Rd8 30. Rd1 Re8 31. Re1 dxe4 32. Rxe4 Rd8 33. Rce5 1-0

[Event "27th Klatovy A 2019"]
[Site "Klatovy CZE"]
[Date "2019.07.05"]
[Round "7.6"]
[White "Sprenar, Petr"]
[Black "Chmel, Kristian"]
[Result "1-0"]
[WhiteElo "2320"]
[BlackElo "2102"]
[PlyCount "61"]
[EventDate "2019.06.29"]
[EventType "swiss"]
[EventRounds "9"]
[EventCountry "CZE"]

1. d4 Nf6 2. c4 c6 3. Nc3 d5 4. cxd5 cxd5 5. Bf4 a6 6. e3 Nc6 7. Be2 e6 8. Rc1 Bd6 9. Bxd6 Qxd6 10. f4 O-O 11. Bd3 Nd7 12. Nf3 f5 13. O-O Nf6 14. Ne5 Bd7 15. a3 Rac8 16. b4 b5 17. Nb1 Ne4 18. Bxe4 fxe4 19. Nxc6 Rxc6 20. Rc5 Rcc8 21. Nd2 a5 22. Nb3 a4 23. Na5 Qb8 24. Rf2 Rxc5 25. dxc5 Rc8 26. Qd4 Bc6 27. Nxc6 Rxc6 28. f5 Qd8 29. fxe6 Rxe6 30. Rf5 Qh4 31. Qxd5 1-0

[Event "27th Klatovy A 2019"]
[Site "Klatovy CZE"]
[Date "2019.07.05"]
[Round "7.7"]
[White "Kotal, Vaclav"]
[Black "Vyprachticky, David"]
[Result "0-1"]
[WhiteElo "2205"]
[BlackElo "2312"]
[PlyCount "110"]
[EventDate "2019.06.29"]
[EventType "swiss"]
[EventRounds "9"]
[EventCountry "CZE"]

1. d4 Nf6 2. Bf4 e6 3. e3 b6 4. Nf3 Bb7 5. Nbd2 Be7 6. h3 Bd6 7. Bxd6 cxd6 8. Bd3 d5 9. O-O O-O 10. c3 d6 11. Qb1 Nbd7 12. e4 dxe4 13. Nxe4 Nxe4 14. Bxe4 Bxe4 15. Qxe4 Qc7 16. a4 Rab8 17. Rfe1 a6 18. Qf4 Nf6 19. Nd2 Rfc8 20. Ne4 Ne8 21. Qh4 d5 22. Ng5 h6 23. Nf3 b5 24. axb5 axb5 25. Ne5 Nd6 26. Nd3 Nc4 27. Ra2 Ra8 28. Rea1 Rxa2 29. Rxa2 Nb6 30. Nc5 Na4 31. Nxa4 Ra8 32. Qg4 Rxa4 33. Rxa4 bxa4 34. Qd1 Qc4 35. Qa1 Qb3 36. Qa3 Qd1+ 37. Kh2 h5 38. g3 Qf1 39. Qxa4 Qxf2+ 40. Kh1 Qf1+ 41. Kh2 Qe2+ 42. Kh1 Qe1+ 43. Kh2 Qd2+ 44. Kh1 Qc1+ 45. Kh2 Qxb2+ 46. Kh1 Qf2 47. Qe8+ Kh7 48. Qb8 Qe1+ 49. Kg2 Qd2+ 50. Kh1 Qxc3 51. Qf4 Qe1+ 52. Kh2 Qe2+ 53. Kg1 f6 54. h4 Qe4 55. Qf2 Kg6 0-1

[Event "27th Klatovy A 2019"]
[Site "Klatovy CZE"]
[Date "2019.07.05"]
[Round "7.8"]
[White "Krivanek, Vladimir"]
[Black "Vedral, Oldrich"]
[Result "0-1"]
[WhiteElo "2166"]
[BlackElo "2250"]
[PlyCount "98"]
[EventDate "2019.06.29"]
[EventType "swiss"]
[EventRounds "9"]
[EventCountry "CZE"]

1. d4 Nf6 2. Nf3 g6 3. g3 Bg7 4. Bg2 O-O 5. O-O d5 6. c4 c6 7. b3 dxc4 8. bxc4 c5 9. Bb2 cxd4 10. Nxd4 Qc7 11. Nb5 Qb6 12. N1c3 Nc6 13. Nd5 Nxd5 14. Bxg7 Ne3 15. Qb3 Kxg7 16. fxe3 f6 17. h3 Qc5 18. Nd4 Nxd4 19. exd4 Qxd4+ 20. Kh2 Qe5 21. Rac1 Rd8 22. Rf4 Qc7 23. c5 a5 24. c6 bxc6 25. Rxc6 Qd7 26. e3 Ra6 27. Rd4 Qe8 28. Rc7 Rxd4 29. exd4 Bd7 30. Bd5 Rd6 31. Qc4 Rb6 32. Qc3 Qd8 33. a3 Rd6 34. Bg2 a4 35. Ra7 Qb6 36. Qc5 Qb2 37. d5 Qe2 38. Rb7 Bxh3 39. Rxe7+ Qxe7 40. Bxh3 Qe2+ 41. Bg2 Qe7 42. Qb4 Qd7 43. Qd4 h5 44. Qb4 g5 45. Be4 Qc7 46. Qxa4 h4 47. Kg2 Rb6 48. gxh4 Rb2+ 49. Kf3 Qf4# 0-1

[Event "27th Klatovy A 2019"]
[Site "Klatovy CZE"]
[Date "2019.07.05"]
[Round "7.9"]
[White "Dvorak, Jan"]
[Black "Jurek, Josef"]
[Result "0-1"]
[WhiteElo "2141"]
[BlackElo "2247"]
[PlyCount "64"]
[EventDate "2019.06.29"]
[EventType "swiss"]
[EventRounds "9"]
[EventCountry "CZE"]

1. d4 Nf6 2. c4 e6 3. Nc3 Bb4 4. Nf3 c5 5. g3 cxd4 6. Nxd4 O-O 7. Bg2 d5 8. cxd5 Nxd5 9. Bd2 Bxc3 10. bxc3 e5 11. Nb5 Nc6 12. O-O Be6 13. Qc2 a6 14. Na3 Rc8 15. Qb2 b5 16. c4 Nb6 17. cxb5 axb5 18. Qxb5 Qxd2 19. Bxc6 Qd6 20. Bg2 Rfd8 21. h4 h6 22. Qa6 Qc5 23. Rac1 Qxc1 24. Rxc1 Rxc1+ 25. Kh2 Nd7 26. Nb5 Nf6 27. Bf3 e4 28. Qa5 Rdd1 29. Qa8+ Rc8 30. Qa4 Rb1 31. Nd6 exf3 32. Nxc8 Ng4+ 0-1

[Event "27th Klatovy A 2019"]
[Site "Klatovy CZE"]
[Date "2019.07.05"]
[Round "7.10"]
[White "Stross, Frantisek"]
[Black "Michalek, Jan 1969"]
[Result "0-1"]
[WhiteElo "2312"]
[BlackElo "2230"]
[PlyCount "74"]
[EventDate "2019.06.29"]
[EventType "swiss"]
[EventRounds "9"]
[EventCountry "CZE"]

1. e4 c5 2. Nc3 Nc6 3. Bb5 Nd4 4. Nf3 Nxb5 5. Nxb5 d6 6. d4 Nf6 7. O-O a6 8. Nc3 cxd4 9. Qxd4 e5 10. Qd3 h6 11. Nd2 b5 12. a4 b4 13. Nd5 Nxd5 14. Qxd5 Be6 15. Qc6+ Bd7 16. Qc4 a5 17. Qd3 Rc8 18. Nc4 Qc7 19. Ne3 Be7 20. Rd1 Qc5 21. Nd5 Qxc2 22. Qf3 Be6 23. Be3 Bxd5 24. Rac1 Be6 25. Rxc2 Rxc2 26. Qg3 g5 27. Rc1 Rxb2 28. h4 Ra2 29. Rc7 Rxa4 30. Rb7 Ra1+ 31. Kh2 Ra3 32. Rb8+ Bd8 33. Qf3 Ke7 34. Qh5 Rxe3 35. fxe3 g4 36. Rb5 Bc7 37. Kg3 Kd7 0-1

[Event "27th Klatovy A 2019"]
[Site "Klatovy CZE"]
[Date "2019.07.05"]
[Round "7.11"]
[White "Simet, Martin"]
[Black "Furman, Boris"]
[Result "0-1"]
[WhiteElo "2244"]
[BlackElo "2144"]
[PlyCount "104"]
[EventDate "2019.06.29"]
[EventType "swiss"]
[EventRounds "9"]
[EventCountry "CZE"]

1. e4 c5 2. Nf3 Nc6 3. d4 cxd4 4. Nxd4 Nf6 5. Nc3 d6 6. Bg5 e6 7. Qd2 a6 8. O-O-O Bd7 9. f4 Be7 10. g4 b5 11. Bg2 Rc8 12. Rhe1 Na5 13. e5 Nc4 14. exf6 gxf6 15. Qe2 fxg5 16. f5 Ne5 17. Ne4 Qc7 18. f6 Bf8 19. Nxg5 Qc4 20. Kb1 Qxe2 21. Rxe2 Nxg4 22. Nf5 Nxf6 23. Nxd6+ Bxd6 24. Rxd6 Rg8 25. Nh3 a5 26. Rf2 Ke7 27. Ra6 a4 28. Ra7 Nd5 29. Bxd5 exd5 30. b3 a3 31. Kc1 b4 32. Nf4 Rg1+ 33. Kd2 Kd6 34. Nd3 Bg4 35. Rfxf7 Rg2+ 36. Rf2 Rxf2+ 37. Nxf2 Bf5 38. Ra6+ Ke5 39. Nd3+ Bxd3 40. Kxd3 Rc3+ 41. Kd2 Rh3 42. Ra4 Rxh2+ 43. Kd3 Rh3+ 44. Ke2 Rh4 45. c4 Rh2+ 46. Kd3 dxc4+ 47. Kxc4 Rh4+ 48. Kc5 h5 49. Ra8 Re4 50. Rh8 h4 51. Rf8 Rf4 52. Re8+ Kf5 0-1

[Event "27th Klatovy A 2019"]
[Site "Klatovy CZE"]
[Date "2019.07.05"]
[Round "7.12"]
[White "Vorisek, Jaroslav"]
[Black "Brejnik, Gustav"]
[Result "1-0"]
[WhiteElo "2241"]
[BlackElo "2114"]
[PlyCount "67"]
[EventDate "2019.06.29"]
[EventType "swiss"]
[EventRounds "9"]
[EventCountry "CZE"]

1. d4 Nf6 2. Nf3 e6 3. g3 d5 4. Bg2 b5 5. O-O Bb7 6. b3 Nbd7 7. c4 dxc4 8. bxc4 bxc4 9. Qa4 Bd6 10. Na3 O-O 11. Nxc4 Nb6 12. Qb5 a6 13. Qb3 Be7 14. Na5 Bd5 15. Qe3 Bb4 16. Nb3 Rb8 17. Ne5 Qd6 18. Qd3 Bxg2 19. Kxg2 Qd5+ 20. f3 c5 21. dxc5 Qxe5 22. Bf4 Qd5 23. Bxb8 Qxd3 24. exd3 Rxb8 25. cxb6 Nd5 26. Rfc1 Bc3 27. Rxc3 Nxc3 28. Rc1 Nxa2 29. Rc7 g5 30. b7 Kg7 31. Nc5 Nb4 32. Nd7 Nd5 33. Nxb8 Nxc7 34. Nd7 1-0

[Event "27th Klatovy A 2019"]
[Site "Klatovy CZE"]
[Date "2019.07.05"]
[Round "7.13"]
[White "Kopta, Pavel"]
[Black "Jelinek, Michal"]
[Result "1/2-1/2"]
[WhiteElo "2227"]
[BlackElo "2108"]
[PlyCount "84"]
[EventDate "2019.06.29"]
[EventType "swiss"]
[EventRounds "9"]
[EventCountry "CZE"]

1. d4 Nf6 2. c4 g6 3. Nc3 Bg7 4. e4 d6 5. Nf3 O-O 6. Be2 e5 7. O-O exd4 8. Nxd4 Re8 9. f3 c6 10. Be3 d5 11. cxd5 Nxd5 12. Nxd5 cxd5 13. Qb3 Nc6 14. Rfd1 Nxd4 15. Bxd4 Bxd4+ 16. Rxd4 Qf6 17. Rad1 dxe4 18. Rxe4 Bf5 19. Rxe8+ Rxe8 20. Bc4 Re7 21. Qb4 Qe5 22. Bf1 Qe3+ 23. Kh1 h5 24. Qd4 Qxd4 25. Rxd4 Re1 26. Kg1 Rb1 27. Rd2 Be6 28. b3 Kg7 29. Kf2 h4 30. g3 hxg3+ 31. hxg3 g5 32. Bd3 Rh1 33. Be4 b6 34. f4 Rh2+ 35. Ke3 Rxd2 36. Kxd2 gxf4 37. gxf4 Kf6 38. Ke3 Bf5 39. Bc6 Bb1 40. a3 Ke6 41. Bb5 f6 42. Bc4+ Kd6 1/2-1/2

[Event "27th Klatovy A 2019"]
[Site "Klatovy CZE"]
[Date "2019.07.05"]
[Round "7.14"]
[White "Vevera, Radek"]
[Black "Molkanov, Oleg 2001"]
[Result "1/2-1/2"]
[WhiteElo "2066"]
[BlackElo "2211"]
[PlyCount "46"]
[EventDate "2019.06.29"]
[EventType "swiss"]
[EventRounds "9"]
[EventCountry "CZE"]

1. e4 c6 2. d4 d5 3. exd5 cxd5 4. Bd3 Nc6 5. c3 Nf6 6. Bf4 Bg4 7. Qb3 Qd7 8. Nd2 g6 9. Ngf3 Bxf3 10. Nxf3 Bg7 11. h3 O-O 12. O-O a6 13. Rfe1 e6 14. Qc2 Rfc8 15. Qd2 Na5 16. Ne5 Qe7 17. Qe2 b5 18. a4 Nc4 19. h4 Nh5 20. Bh2 Bxe5 21. dxe5 Qd8 22. g4 Ng7 23. Bg3 Rc6 1/2-1/2

[Event "27th Klatovy A 2019"]
[Site "Klatovy CZE"]
[Date "2019.07.05"]
[Round "7.15"]
[White "Eret, Matous"]
[Black "Finek, Vaclav"]
[Result "1-0"]
[WhiteElo "2205"]
[BlackElo "2043"]
[PlyCount "117"]
[EventDate "2019.06.29"]
[EventType "swiss"]
[EventRounds "9"]
[EventCountry "CZE"]

1. e4 e6 2. Qe2 d5 3. d3 c6 4. g3 Bc5 5. Bg2 Ne7 6. Nf3 O-O 7. O-O Nd7 8. Nbd2 a6 9. a4 e5 10. c3 Qc7 11. Re1 dxe4 12. Nxe4 Ba7 13. d4 Ng6 14. h4 exd4 15. cxd4 Re8 16. Nfg5 Ndf8 17. Nf6+ gxf6 18. Qxe8 Rb8 19. Qe4 fxg5 20. h5 Nh8 21. Bxg5 Qd7 22. Bf4 Ra8 23. Be5 Qg4 24. Bf3 Qxe4 25. Rxe4 Be6 26. b4 Nd7 27. Bd6 Rd8 28. b5 Nf6 29. Be7 Nxe4 30. Bxd8 Nd2 31. Bg2 Bxd4 32. Rd1 Nb3 33. b6 Bd7 34. Rd3 Be6 35. Bxc6 Bxb6 36. Bxb6 bxc6 37. Rd8+ Kg7 38. h6+ Kxh6 39. Rxh8 Kg7 40. Ra8 Bc4 41. Be3 Kf6 42. f4 Kg6 43. Kf2 f5 44. Rb8 Bd5 45. Rb6 a5 46. Ra6 h5 47. Ke1 h4 48. gxh4 Kh5 49. Bb6 Kg4 50. Ra7 Kxf4 51. Rg7 Bf3 52. Kf2 Bg4 53. Re7 Bd1 54. Re1 Bh5 55. Re3 Bf7 56. Re7 Bd5 57. Rg7 c5 58. h5 Nd2 59. Bc7+ 1-0

[Event "27th Klatovy A 2019"]
[Site "Klatovy CZE"]
[Date "2019.07.05"]
[Round "7.16"]
[White "Bartos, Jan"]
[Black "Kopriva, Martin"]
[Result "1-0"]
[WhiteElo "2157"]
[BlackElo "2031"]
[PlyCount "39"]
[EventDate "2019.06.29"]
[EventType "swiss"]
[EventRounds "9"]
[EventCountry "CZE"]

1. d4 g6 2. c4 Bg7 3. Nc3 d6 4. e4 Nf6 5. f3 O-O 6. Be3 e5 7. Nge2 Nc6 8. d5 Ne7 9. g4 a5 10. Ng3 Nd7 11. h4 Nc5 12. h5 Bd7 13. Be2 c6 14. Qd2 f5 15. hxg6 f4 16. gxh7+ Kh8 17. Bxc5 dxc5 18. Nf5 cxd5 19. Nxe7 Qxe7 20. Nxd5 1-0

[Event "27th Klatovy A 2019"]
[Site "Klatovy CZE"]
[Date "2019.07.05"]
[Round "7.17"]
[White "Pavlicek, Lukas"]
[Black "Palek, Miroslav"]
[Result "1-0"]
[WhiteElo "1962"]
[BlackElo "2188"]
[PlyCount "61"]
[EventDate "2019.06.29"]
[EventType "swiss"]
[EventRounds "9"]
[EventCountry "CZE"]

1. c4 e5 2. Nc3 Nf6 3. Nf3 Nc6 4. e4 Bb4 5. d3 d6 6. Be2 O-O 7. O-O h6 8. a3 Bc5 9. b4 Bd4 10. Bb2 a6 11. Nxd4 Nxd4 12. Nd5 Ne6 13. Nxf6+ Qxf6 14. Bg4 Nf4 15. Bxc8 Raxc8 16. g3 Qg6 17. Kh1 Nh3 18. Kg2 Nf4+ 19. Kh1 Ne6 20. f4 f5 21. exf5 Rxf5 22. fxe5 Rcf8 23. Qe2 Ng5 24. Rxf5 Qxf5 25. exd6 cxd6 26. Re1 Rf7 27. Bc1 Nf3 28. Rf1 g5 29. Qe8+ Kg7 30. Bb2+ Kg6 31. g4 1-0